Every Single Pokémon Category #1 - Statistics

General Stats
  • This quiz has been taken 16 times
  • The average score is 71 of 488
Answer Stats
Answer % Correct
Ball
100%
Lizard
100%
Mouse
100%
Bird
80%
Dragon
80%
Egg
80%
Electric
80%
Gas
80%
Turtle
80%
Fish
60%
Flame
60%
Fox
60%
Leaf
60%
Puppy
60%
Seed
60%
Snake
60%
Thorn
60%
Alpha
40%
Balloon
40%
Bat
40%
Beaver
40%
Bud
40%
Chick
40%
Chimp
40%
Cocoon
40%
Dancing
40%
Dark
40%
Duck
40%
Evolution
40%
Fairy
40%
Fire Horse
40%
Floating
40%
Flower
40%
Fossil
40%
Frog
40%
Fruit
40%
Gear
40%
Happiness
40%
Iceberg
40%
Iron
40%
Jellyfish
40%
Kiss
40%
Lava
40%
Legendary
40%
Licking
40%
Light
40%
Lightning
40%
Long Neck
40%
Magical
40%
Magnet
40%
Martial Arts
40%
Mime
40%
Mole
40%
Mushroom
40%
Ninja
40%
Owl
40%
Penguin
40%
Pig
40%
Pincer
40%
Poison Bee
40%
Rabbit
40%
Rainbow
40%
Rock
40%
Royal
40%
Shadow
40%
Shield
40%
Skunk
40%
Spark
40%
Spinning
40%
Sun
40%
Tadpole
40%
Thunder
40%
Tiny Bird
40%
Tiny Mouse
40%
Trap
40%
Triple Bird
40%
Twin Bird
40%
Vine
40%
Volcano
40%
Weather
40%
Abundance
20%
Angler
20%
Anteater
20%
Armor
20%
Astral Body
20%
Atrocious
20%
Aura
20%
Aurora
20%
Automaton
20%
Bagworm
20%
Barrier
20%
Bell
20%
Big Jaw
20%
Bivalve
20%
Blade
20%
Blaze
20%
Blazing
20%
Blossom
20%
Bright
20%
Bubble Jet
20%
Bulb
20%
Butterfly
20%
Cactus
20%
Caring
20%
Cave
20%
Cavern
20%
Cell
20%
Centipede
20%
Cheering
20%
Cherry
20%
Chinchilla
20%
Clear Wing
20%
Coal
20%
Cobra
20%
Coconut
20%
Coffin
20%
Colossal
20%
Compass
20%
Continent
20%
Coral
20%
Cotton Bird
20%
Cricket
20%
Deep Black
20%
Devious
20%
Discipline
20%
DNA
20%
Dopey
20%
Dream Eater
20%
Drill
20%
EleFish
20%
EleSpider
20%
EleSquirrel
20%
Ember
20%
Emotion
20%
Eon
20%
Eruption
20%
Face
20%
Feeling
20%
Firefly
20%
Fire Mouse
20%
Five Star
20%
Flash
20%
Fly Scorpion
20%
Forest
20%
Freeze
20%
Fresh Snow
20%
Genetic
20%
Geyser
20%
Goldfish
20%
Grassland
20%
Grass Monkey
20%
Gratitude
20%
Head Butt
20%
Hermit Crab
20%
Hippo
20%
Hypnosis
20%
Illusion Fox
20%
Imitation
20%
Iron Ball
20%
Iron Snake
20%
Karate
20%
Kicking
20%
Kitten
20%
Knowledge
20%
Land Shark
20%
Lazy
20%
Lonely
20%
Long Body
20%
Long Nose
20%
Long Tail
20%
Lunar
20%
Luring
20%
Marionette
20%
Melody
20%
Milk Cow
20%
Mitosis
20%
Moonlight
20%
Moth
20%
Mud Fish
20%
Mysterious
20%
Mystic
20%
New Species
20%
Nurturing
20%
Ogre
20%
Ogre Darner
20%
Ore
20%
Painter
20%
Parent
20%
Poison Gas
20%
Poison Pin
20%
Prim
20%
Psi
20%
Punching
20%
Puppet
20%
Regal
20%
Renegade
20%
Rock Head
20%
Rock Inn
20%
Rock Peak
20%
Rock Skin
20%
Rock Snake
20%
Scarf
20%
Scorpion
20%
Scout
20%
Scratch Cat
20%
Sea Basin
20%
Seafaring
20%
Sea Lion
20%
Sea Otter
20%
Shed
20%
Shellfish
20%
Shell Out
20%
Sky High
20%
Sleeping
20%
Snail
20%
Snowstorm
20%
Spatial
20%
Sphere
20%
Spiral
20%
Spirit
20%
Starling
20%
Stone Home
20%
Swine
20%
Temporal
20%
Thunderbolt
20%
Time Travel
20%
Tiny Pigeon
20%
Tiny Turtle
20%
Trainee
20%
Transform
20%
Unique Horn
20%
Vast White
20%
Verdant
20%
Vibration
20%
Victory
20%
Virtual
20%
Weed
20%
Wish
20%
Wool
20%
Worm
20%
Acorn
0%
Ant Pit
0%
Aqua Mouse
0%
Aqua Rabbit
0%
Armor Bird
0%
Arm Thrust
0%
Attaching
0%
Avianoid
0%
Axe Jaw
0%
Ball Roll
0%
Ball Whale
0%
Baneful Fox
0%
Barnacle
0%
Bash Buffalo
0%
Battle Cry
0%
Beak
0%
Beckon
0%
Beehive
0%
Big Boss
0%
Big Eater
0%
Big-Hearted
0%
Big Horn
0%
Big Voice
0%
Bite
0%
Blast
0%
Blimp
0%
Bolt Strike
0%
Bone Keeper
0%
Bone Vulture
0%
Bonsai
0%
Bounce
0%
Boundary
0%
Bouquet
0%
Bronze
0%
Bronze Bell
0%
Brutal
0%
Bug Catcher
0%
Candle
0%
Carefree
0%
Cat Ferret
0%
Catty
0%
Cavalry
0%
Cerebral
0%
Chill
0%
Clamping
0%
Clap
0%
Classy Cat
0%
Clay Doll
0%
Color Swap
0%
Colt
0%
Compressed
0%
Cotton Puff
0%
Cottonweed
0%
Courting
0%
Cruel
0%
Crystallizing
0%
Curlipede
0%
Cyclone
0%
Darkness
0%
Deceiver
0%
Deep Sea
0%
Delivery
0%
Desert Croc
0%
Diapered
0%
Disaster
0%
Discharge
0%
Diving
0%
Drowsing
0%
Eaglet
0%
Electrified
0%
Emanation
0%
Embrace
0%
Emperor
0%
Endurance
0%
Eyeball
0%
Fang Scorpion
0%
Fang Snake
0%
Fire Pig
0%
First Bird
0%
Fixation
0%
Float Whale
0%
Flowering
0%
Flycatcher
0%
Forbidden
0%
Formidable
0%
Freezing
0%
Frost Tree
0%
Ghost Flame
0%
Gleam Eyes
0%
Grass Snake
0%
Gripper
0%
Grove
0%
Guts
0%
Hairy Bug
0%
Handstand
0%
Hard Shell
0%
Hearing
0%
Heavyweight
0%
Herb
0%
Hexpert
0%
Hibernator
0%
High Temp
0%
Hoodlum
0%
Hostile
0%
Human Shape
0%
Humming
0%
Ice Break
0%
Icy Snow
0%
Insect
0%
Intimidation
0%
Irate
0%
Iron Ant
0%
Iron Armor
0%
Iron Claw
0%
Iron Leg
0%
Iron Will
0%
Jet
0%
Jolly
0%
Jubilee
0%
Judo
0%
Kite
0%
Lamp
0%
Land Snake
0%
Leaf-Wrapped
0%
Little Bear
0%
Live Coal
0%
Longevity
0%
Long Leg
0%
Lookout
0%
Loud Noise
0%
Loyal Dog
0%
Mach
0%
Magnet Area
0%
Malevolent
0%
Manipulate
0%
Mantis
0%
Mantle
0%
Meditate
0%
Mega Fire Pig
0%
Megapede
0%
Megaton
0%
Mellow
0%
Meteorite
0%
Mold
0%
Multiplying
0%
Muscular
0%
Music Note
0%
Neon
0%
Numb
0%
Old Shrimp
0%
Paleozoic
0%
Patience
0%
Pig Monkey
0%
Pitch-Black
0%
Plasma
0%
Plate
0%
Playful
0%
Playhouse
0%
Plump Mouse
0%
Poison Bag
0%
Poison Fish
0%
Poison Moth
0%
Polka Dot
0%
Pond Skater
0%
Predator
0%
Prototurtle
0%
Proud
0%
Rendezvous
0%
Requiem
0%
River Crab
0%
Rogue
0%
Ruffian
0%
Rushing
0%
Savage
0%
Scarecrow
0%
Screech
0%
Scuffle
0%
Sea Drifter
0%
Seagull
0%
Sea Lily
0%
Sea Slug
0%
Season
0%
Sea Weasel
0%
Sewing
0%
Sharp Blade
0%
Sharp Claw
0%
Shedding
0%
Single Horn
0%
Sky Squirrel
0%
Slacker
0%
Sludge
0%
Snow Hat
0%
Snow Land
0%
South Sea
0%
Spike Ball
0%
Spikes
0%
Spiteful Fox
0%
Spitfire
0%
Spot Panda
0%
Spray
0%
Stag Beetle
0%
Star Shape
0%
Stomach
0%
String Spit
0%
Strong Legs
0%
Subterrene
0%
Superpower
0%
Swallow
0%
Sword Blade
0%
Symbol
0%
Tender
0%
Thorn Monkey
0%
Thorn Pod
0%
Thorn Seed
0%
Tiger Cat
0%
Tiny Bee
0%
Tiny Leaf
0%
Tiny Raccoon
0%
Tiny Swallow
0%
Torch
0%
Toxic Mouth
0%
Transport
0%
Trash Bag
0%
Trash Heap
0%
Tricky Fox
0%
Tusk
0%
Twin Tusk
0%
Valiant
0%
Water Bird
0%
Water Fish
0%
Water Weed
0%
Whiskers
0%
Whisper
0%
White Bird
0%
Wicked
0%
Wild Bull
0%
Wild Duck
0%
Wild Monkey
0%
Wild Pigeon
0%
Willpower
0%
Wily
0%
Wind Chime
0%
Windveiled
0%
Wing Fish
0%
Wood Gecko
0%
Young Fowl
0%
Zen Charm
0%
No matching quizzes found
Score Distribution
Percent of People with Each Score
Percentile by Number Answered
Your Score History
You have not taken this quiz